00375 2200157 4500001002100000005001500021035002000036245003800056100001900094300001200113260003600125082000800161084001400169020002200183990001200205INLIS00000000000162520250425102803 a0010-04250000411 aYuk, Berhijab ! /cFelix Y. Siauw0 aFelix Y. Siauw a148 hlm aJakarta :bAlfatih Press,c2018 a2X0 a2X0 FEL y a978-602-1799-74-1 a0754706